Revisô de benefc̕ios e cl̀culos previdencir̀ios

Detalles Bibliográficos
Autor principal: Claudini, Andrǎ
Formato: Libro
Lenguaje:portugués
Publicado: Brasil Editora Mundo Jurd̕ico 2015
Materias:
Acceso en línea:Acceso restringido

MARC

LEADER 00000nam a22000007a 4500
005 20160202105653.0
007 cr|||| ||u|
008 160202s2015 bl ||||| |||| 00||0 por d
020 |a 978-85-8085-071-0 
035 |a 13069 
040 |a vLex  
090 |c 5879  |d 5879 
100 1 |a Claudini, Andrǎ 
245 1 0 |a Revisô de benefc̕ios e cl̀culos previdencir̀ios  |h [Recurso electrn̤ico] /  |c Andrǎ Claudini  
256 |a Servicio en ln̕ea  
260 |a Brasil   |b Editora Mundo Jurd̕ico   |c 2015 
300 |a 1 recurso electrn̤ico  
500 |a  O motor que impulsionou a confecȯ̂ da presente obra ̌certamente a paixô que Andrǎ Claudini nutre pelo Direito Previdencir̀io, a comeȧr pela histr̤ia e a evoluȯ̂ deste, chegando a todas as implicaė̳s decorrentes das constantes, e nem sempre claras ou justas, alteraė̳s legislativas. Aliada ̉latente paixô e envolvimento dessa excelente profissional com o Direito Previdencir̀io, em sua teoria e prt̀ica dir̀ia, o que pode ser experimentado a cada pg̀ina, a carn̊cia do mercado brasileiro de um estudo claro e didt̀ico dos motivos reais das tantas revise̳s de benefc̕ios, fez com que a obra se tornasse realidade. Inicialmente, o leitor poder ̀ter uma visô panorḿica de todo o histr̤ico da Previdn̊cia Social Brasileira, desde suas origens at ̌os dias atuais, com maior aprofundamento a partir da Lei Orgńica da Previdn̊cia Social (LOPS), em 1960. Em seguida, ser ̀possv̕el conhecer a sistemt̀ica de cl̀culo da Renda Mensal Inicial de cada um dos benefc̕ios, atravš de seus coeficientes e pero̕dos bs̀icos de cl̀culo. E, conhecendo tal sistemt̀ica ao longo do tempo em cada alteraȯ̂ legislativa, o leitor compreender ̀de maneira cristalina os fundamentos de cada uma das inm︢eras revise̳s hoje em trḿite nos tribunais de todo o pas̕. A verdadeira avalanche de revise̳s de benefc̕ios previdencir̀ios carece de aė̳s que estejam devidamente fundamentadas, a fim de que seja construd̕a jurisprudn̊cia favorv̀el aos milhares de segurados. E Andrǎ Claudini certamente prover ̀aos operadores do Direito Previdencir̀io o entendimento necessr̀io para isso. Uma vez lida, a obra ser ̀certamente um dos livros mais manuseados no dia-a-dia do profissional. Definitivamente, por todas essas raze̳s, Revise̳s de Benefc̕ios e Cl̀culos Previdencir̀ios ̌obra de leitura essencial q̉ueles que estudam e praticam o Direito Previdencir̀io, a fim de que essa prt̀ica seja cada vez mais pautada no conhecimento tčnico e voltada a atender a finalidade social da Previdn̊cia. 
506 1 |a Contenido solo disponible en los productos indicados  |d vLex Global  |d vLex Global (Academic Edition, excluding Law Schools)  |d vLex Global (U.S. Academic Edition, Law Schools)  |d vLex Global (U.S. Academic Edition, excluding Law Schools)  |d vLex Global (Academic Edition, Law Schools) 
650 0 4 |a Derecho  |z Brasil  
740 0 |a vLex libros (servicio en ln̕ea)  
856 4 0 |u http://vlex.com/source/revis-o-de-beneficios-e-calculos-previdenciarios-13069  |z Acceso restringido  
942 |c BOOK 
999 0 |a Law